|
|
|
|
| LEADER |
00000nam a2200000 a 4500 |
| 001 |
vtls009303810 |
| 003 |
SK-MaSNL |
| 005 |
20260301053018.0 |
| 008 |
240314s2008 xo a b p 000 0 slo |
| 015 |
|
|
|a SNBA2008/09-04022
|
| 020 |
|
|
|q (brož.)
|
| 040 |
|
|
|a SNK
|b slo
|c SNK
|e AACR2
|
| 041 |
0 |
|
|a slo
|
| 044 |
|
|
|a xo
|c SK
|
| 072 |
|
7 |
|a 373.2/.3
|x Predškolská a primárna výchova a vzdelávanie
|2 konspekt
|
| 072 |
|
7 |
|a 37.016
|x Učebné osnovy. Vyučovacie predmety. Učebnice
|2 konspekt
|
| 080 |
|
|
|a 37.016:003-028.31
|2 2001
|
| 080 |
|
|
|a (075.2)
|2 2001
|
| 080 |
|
|
|a (076.1)
|2 2001
|
| 100 |
1 |
|
|a Virgovičová, Lýdia,
|d 1937-
|4 aut
|9 86337
|
| 245 |
1 |
0 |
|a Písmenká - moji kamaráti
|b písanka s predtlačou pre prvý ročník základných škôl
|n 1
|c autorky Lýdia Virgovičová, Zuzana Virgovičová ; ilustrácie Jaroslava Kolačková
|
| 250 |
|
|
|a [1. vyd.]
|
| 260 |
|
|
|a Bratislava
|b Orbis Pictus Istropolitana
|c 2008
|
| 300 |
|
|
|a 48 s.
|b ilustr.
|c 21 cm
|
| 500 |
|
|
|a Názov z obalu
|
| 650 |
0 |
7 |
|a písanie
|2 SNKPH
|9 1728
|
| 655 |
|
7 |
|a učebnice základných škôl
|2 SNKPH
|9 70187
|
| 655 |
|
7 |
|a pracovné zošity
|2 SNKPH
|9 70188
|
| 700 |
1 |
|
|a Virgovičová, Zuzana
|4 aut
|9 47620
|
| 700 |
1 |
|
|a Kolačková, Jarka,
|d 1953-
|4 ill
|9 8415
|
| 968 |
|
|
|d 37
|
| 999 |
|
|
|c 607170
|d 609100
|
| 952 |
|
|
|a SNK
|b SNK
|y PREZ
|7 0
|p 17A0590824
|o snkOSC 24453/1
|i snk2008/12635
|8 0
|0 0
|1 0
|4 0
|d 2008-06-16
|l 0
|r 2026-02-23 16:12:38
|w 2026-02-23
|
| 952 |
|
|
|a SNK
|b SNK
|y PREZ
|7 0
|p 17A0590825
|o snkOSC 24453/1 D1
|i snk2008/12637
|8 0
|0 0
|1 0
|4 0
|d 2008-06-16
|l 0
|r 2026-02-23 16:12:38
|w 2026-02-23
|